Κατάλογος Βιβλιοθηκών Mediterranean College

Εργασιακή Ψυχολογία / Νέες Προσεγγίσεις και Πρακτικές Παρέμβασεις (Record no. 6415)

MARC details
000 -LEADER
fixed length control field 01480cam a22001934a 4500
005 - ΗΜΕΡΟΜΗΝΙΑ ΚΑΙ ΩΡΑ ΤΕΛΕΥΤΑΙΑΣ ΕΝΗΜΕΡΩΣΗΣ
Πεδίο ελέγχου 20250605164242.0
008 - FIXED-LENGTH DATA ELEMENTS--GENERAL INFORMATION
Πεδίο ελέγχου σταθερού μήκους 250528s ||||||||||||||||||||||||d
035 ## - SYSTEM CONTROL NUMBER
System control number 21350
020 ## - ISBN
ISBN 9789603518839
040 ## - ΠΗΓΗ ΚΑΤΑΛΟΓΟΓΡΑΦΗΣΗΣ
Φορέας πρωτότυπης καταλογογράφησης MC Athens Campus Library
Γλώσσα καταλογογράφησης Ελληνικά, Μοντέρνα (1453-)
Modifying agency MC Athens Campus Library
Κανόνες περιγραφικής καταλογογράφησης AACR2
245 1# - ΤΙΤΛΟΣ ΚΑΙ ΔΗΛΩΣΗ ΥΠΕΥΘΥΝΟΤΗΤΑΣ
Τίτλος Εργασιακή Ψυχολογία / Νέες Προσεγγίσεις και Πρακτικές Παρέμβασεις
260 ## - PUBLICATION, DISTRIBUTION, ETC.
Name of publisher, distributor, etc. Σταμούλης Α,
Date of publication, distribution, etc. 2012
300 ## - PHYSICAL DESCRIPTION
Extent 628
520 ## - SUMMARY, ETC.
Summary, etc. Το παρόν βιβλίο πραγματεύεται τα αντικείμενα τεσσάρων βασικών αξόνων της Εργασιακής Ψυχολογίας: Ψυχολογία Προσωπικού, Ψυχολογία Οργανώσεων, Ψυχολογία Υγείας στο Εργασιακό Πλαίσιο, Εργονομία. Διαχείριση Σταδιοδρομίας, Η Επικοινωνία στις Επιχειρήσεις, Διαδικασίες Επιλογής Προσωπικού, Ανάλυση Εργασίας, Κινητοποίηση Προσωπικού, Διαπραγμάτευση, Ηγεσία, Εργασιακό Στρες, Ομαδική Λειτουργία και Ομαδικότητα, Επαγγελματική Ικανοποίηση, Διαχείριση Έργου, Ικανοποίηση Καταναλωτή, Βιβλιογραφία.
700 1# - ΠΡΟΣΘΕΤΗ ΑΝΑΓΡΑΦΗ--ΦΥΣΙΚΟ ΠΡΟΣΩΠΟ
Personal name Γαλανακής Μιχάλης
9 (RLIN) 7408
942 ## - ADDED ENTRY ELEMENTS (KOHA)
Koha item type Books
Holdings
Τύπος τεκμηρίου Βιβλιοθήκη Τρέχουσα τοποθεσία Barcode Αριθμός εισαγωγής Ημερομηνία απόκτησης Ταξιθετικό σύμβολο Αριθμός αντιτύπου Κατάσταση απόσυρσης Κατάσταση χαμένου Κατάσταση κατεστραμμένου Μη δανεισμός Σύνολο δανεισμών Ημερομηνία τελευταίας εμφάνισης Η τιμή ισχύει από
Books MC Athens Campus Library MC Athens Campus Library 9780000064141 5530 05/06/2025 158.7 GAL 1           05/06/2025 05/06/2025

MC Athens Campus Library
Πατησίων 94 & Κοδριγκτώνος 13, 104 34
Πελλήνης 8 & Πατησίων 107, 112 51
Τ: +30 210 8899600

MC Thessaloniki Campus Library
Ίωνος Δραγούμη 21, 54625 | Ίωνος Δραγούμη 15, 54625
Τ: +30 2310 287779 – Τ: +30 2314 440300